Cooperación judicial civil en la Unión Europea (Registro nro. 159859)
[ vista simple ]
| 000 -LEADER | |
|---|---|
| fixed length control field | 01095ny a22002653n 4500 |
| 006 - FIXED-LENGTH DATA ELEMENTS--ADDITIONAL MATERIAL CHARACTERISTICS--GENERAL INFORMATION | |
| fixed length control field | m u |
| 007 - PHYSICAL DESCRIPTION FIXED FIELD--GENERAL INFORMATION | |
| fixed length control field | cr cn||||||||| |
| 008 - FIXED-LENGTH DATA ELEMENTS--GENERAL INFORMATION | |
| fixed length control field | 200806r20072008sp |||||s|||||||||||spa d |
| 020 ## - INTERNATIONAL STANDARD BOOK NUMBER | |
| International Standard Book Number | 9788498490350 |
| 035 ## - | |
| -- | 2302 |
| 040 ## - CATALOGING SOURCE | |
| Original cataloging agency | FlNmELB |
| Transcribing agency | FlNmELB |
| Modifying agency | vlex |
| 050 14 - | |
| -- | KJE3795 |
| -- | O874 2007eb |
| 080 ## - | |
| -- | 343.13:347 |
| 090 ## - | |
| -- | 1383 |
| -- | 1383 |
| 100 1# - MAIN ENTRY--PERSONAL NAME | |
| Personal name | Otero García-Castrillón, Carmen |
| 245 10 - TITLE STATEMENT | |
| Title | Cooperación judicial civil en la Unión Europea |
| Medium | [Recurso electrónico] |
| Remainder of title | el cobro de las deudas / |
| Statement of responsibility, etc | Carmen Otero García-Castrillón |
| 256 ## - | |
| -- | Servicio en línea |
| 260 ## - PUBLICATION, DISTRIBUTION, ETC. (IMPRINT) | |
| Place of publication, distribution, etc | Madrid : |
| Name of publisher, distributor, etc | Dykinson, |
| Date of publication, distribution, etc | 2007 |
| 300 ## - PHYSICAL DESCRIPTION | |
| Extent | [11]-208 p |
| 506 1# - RESTRICTIONS ON ACCESS NOTE | |
| Terms governing access | Contenido solo disponible en los productos indicados |
| Authorized users | vLex Global |
| -- | vLex Global (Academic Edition, excluding Law Schools) |
| -- | vLex Global (U.S. Academic Edition, Law Schools) |
| -- | vLex Global (U.S. Academic Edition, excluding Law Schools) |
| -- | vLex Global (Academic Edition, Law Schools) |
| 740 0# - | |
| -- | vLex Libros (Servicios en línea) |
| 856 40 - LOCALIZACIÓN Y ACCESO ELECTRÓNICO | |
| Identificador Uniforme del Recurso (URI/URL) | https://app.vlex.com/#/sources/2302 |
| 942 ## - | |
| -- | RAA |
| 999 ## - | |
| -- | 159859 |
| -- | 159859 |
No hay ítems disponibles.